Normal view
MARC view
Entry Personal Name
001 - CONTROL NUMBER
- control field: 1207535
003 - CONTROL NUMBER IDENTIFIER
- control field: OSt
005 - DATE AND TIME OF LATEST TRANSACTION
- control field: 20260324141249.0
008 - FIXED-LENGTH DATA ELEMENTS
- fixed length control field: 260324|| aca||aabn | a|a d
040 ## - CATALOGING SOURCE
- Original cataloging agency: OSt
- Transcribing agency: OSt
100 ## - HEADING--PERSONAL NAME
- Personal name: Kate Rousmaniere; Kari Dehli; Ning De Coninck Smith; Kari Dehli; Kate Rousmaniere; Ning De Coninck-Smith
670 ## - SOURCE DATA FOUND
- Source citation: Work cat.: (OSt)1810446: Kate Rousmaniere; Kari Dehli; Ning De Coninck Smith; Kari Dehli; Kate Rousmaniere; Ning De Coninck-Smith, Discipline, Moral Regulation, and Schooling
